| 000 | 01675nam a2200133Ia 4500 | ||
|---|---|---|---|
| 008 | 220620s9999||||xx |||||||||||||| ||und|| | ||
| 020 | _a9783040000000 | ||
| 245 | 0 | _aNumerical Simulation of Wind Turbines | |
| 546 | _aEnglish[eng] | ||
| 650 | _alarge-scale wind turbine balde||computational aeroacoustics||sound source detection||low Mach number turbulent flows||NACA0012 airfoil||fluid–structure interaction||wind turbine||atmospheric boundary layer||composite materials||gusts||wind energy||actuator line method||wind turbine simulation||regularization kernel||small wind turbine (SWT)||computational fluid dynamics (CFD)||composites||fluid–structure interaction (FSI)||VAWT||gurney flap||CFD||RBF||power augmentation||Darrieus||turbulence||experiments||turbine wake||turbine size||large-eddy simulation||actuator surface model||wind turbine wake||actuator disk model||dynamic mode decomposition||coherent structures||wake meandering||vertical axis wind turbine (VAWT)||Savonius turbine||deformable blades||power coefficient||blade load||fluid-structure interaction (FSI)||uncertainty quantification||blade damage||AEP||winglet||computational fluid dynamics (CFD), wind energy||renewable energy||rotor blade||tip vortices||aerodynamics||ansys fluent||savonius turbine||icewind turbine||static torque||three-dimensional simulation||Delayed DES||H-Darrieus||micro wind power generation||wind turbine control||load mitigation||individual pitch control||lifting line free vortex wake||vortex methods||pitch||stall||engineering codes||n/a | ||
| 700 | _aFerrara, Giovanni||Bianchini, Alessandro | ||
| 856 | _uhttps://mdpi.com/books/pdfview/book/3722 | ||
| 942 | _cEB | ||
| 999 |
_c31030 _d31030 |
||